| 000 | 00489nam a22001697a 4500 | ||
|---|---|---|---|
| 003 | MUT | ||
| 005 | 20240606081147.0 | ||
| 008 | 170711b xxu||||| |||| 00| 0 eng d | ||
| 020 | _a0201703335 | ||
| 040 | _cMUT | ||
| 050 |
_aQA 39.3 _b.D86 2002 |
||
| 100 | _aDugopolski, Mark | ||
| 245 |
_aInstructor's edition of precalculus: _bfunctions and graphs and recalculus with limits: functions and graphs |
||
| 260 |
_aBoston _bAddison Wesley _c2002 |
||
| 650 | _aMathematics | ||
| 942 |
_2lcc _cBK |
||
| 999 |
_c10958 _d10958 |
||